Catálogo
 En Linea

Washington broadcast / (Registro nro. 17900)

Detalles MARC
000 -CABECERA
campo de control de longitud fija 00800cam a2200229 a 4500
001 - NÚMERO DE CONTROL
campo de control 000018379
005 - FECHA Y HORA DE LA ÚLTIMA TRANSACCIÓN
campo de control 20200929165500.0
008 - DATOS DE LONGITUD FIJA--INFORMACIÓN GENERAL
campo de control de longitud fija 780516s1944 nyu 001 0 eng d
040 ## - FUENTE DE LA CATALOGACIÓN
Centro catalogador/agencia de origen DO-SdBNP
Centro/agencia transcriptor IEN
Centro/agencia modificador IEN
-- DLC
-- BNPHU
043 ## - CÓDIGO DE ÁREA GEOGRÁFICA
Código de área geográfica n-us-dc
-- n-us---
082 ## - NÚMERO DE LA CLASIFICACIÓN DECIMAL DEWEY
Número de clasificación NNNN
Número de documento/Ítem W317b
049 ## - FONDOS LOCALES (OCLC)
Fondos de biblioteca BNGR
245 00 - MENCIÓN DE TÍTULO
Título Washington broadcast /
Mención de responsabilidad, etc. by the man at the microphone.
260 ## - PUBLICACIÓN, DISTRIBUCIÓN, ETC.
Lugar de publicación, distribución, etc. New York, :
Nombre del editor, distribuidor, etc. Doubleday, Doran and company, inc.,
Fecha de publicación, distribución, etc. 1944.
300 ## - DESCRIPCIÓN FÍSICA
Extensión xii, 269 p. ;
Dimensiones 21 cm.
500 ## - NOTA GENERAL
Nota general Includes index
651 #0 - PUNTO DE ACCESO ADICIONAL DE MATERIA--NOMBRE GEOGRÁFICO
Nombre geográfico Washington (D.C.{Rpara}
Subdivisión general Biography.
9 (RLIN) 39796
650 #0 - PUNTO DE ACCESO ADICIONAL DE MATERIA--TÉRMINO DE MATERIA
Término de materia o nombre geográfico como elemento de entrada Statesmen
Subdivisión geográfica United States.
9 (RLIN) 39797
651 #0 - PUNTO DE ACCESO ADICIONAL DE MATERIA--NOMBRE GEOGRÁFICO
Nombre geográfico United States
Subdivisión general Politics And Government
Subdivisión cronológica 1901-1953.
9 (RLIN) 39798
651 #0 - PUNTO DE ACCESO ADICIONAL DE MATERIA--NOMBRE GEOGRÁFICO
Nombre geográfico Washington (D.C.{Rpara}
Subdivisión general Social Life And Customs.
9 (RLIN) 39799
700 1# - PUNTO DE ACCESO ADICIONAL--NOMBRE DE PERSONA
Nombre de persona Man at the microphone.
9 (RLIN) 39800
Existencias
Estado de retiro Estado de pérdida Restricciones de uso No para préstamo Código de colección Localización permanente Ubicación/localización actual Ubicación en estantería Fecha de adquisición Número de inventario Total de préstamos Signatura topográfica completa Código de barras Fecha visto por última vez Número de copia Precio válido a partir de Tipo de ítem Koha
    Préstamo restringido Préstamo restrigido Monografías: Libros y Folletos General General En catalogación 30.04.2010 LF1   NNNN W317b 18379-10 25.06.2020 e. 1 25.06.2020 No se presta

Con tecnología Koha